<?xml version="1.0" encoding="UTF-8"?>
<record
    xmlns:xsi="http://www.w3.org/2001/XMLSchema-instance"
    xsi:schemaLocation="http://www.loc.gov/MARC21/slim http://www.loc.gov/standards/marcxml/schema/MARC21slim.xsd"
    xmlns="http://www.loc.gov/MARC21/slim">

  <leader>00927nam a22002057a 4500</leader>
  <controlfield tag="005">20240321110509.0</controlfield>
  <datafield tag="010" ind1=" " ind2=" ">
    <subfield code="a">B-756315-324 ENG-139839</subfield>
  </datafield>
  <datafield tag="020" ind1=" " ind2=" ">
    <subfield code="a">9789355737670</subfield>
    <subfield code="c">999.00</subfield>
  </datafield>
  <datafield tag="035" ind1=" " ind2=" ">
    <subfield code="a">B-756315-324</subfield>
  </datafield>
  <datafield tag="035" ind1=" " ind2=" ">
    <subfield code="a">EN-123371</subfield>
  </datafield>
  <datafield tag="037" ind1=" " ind2=" ">
    <subfield code="a">Parth Booksellers &amp; Distributors </subfield>
  </datafield>
  <datafield tag="082" ind1=" " ind2=" ">
    <subfield code="a">000</subfield>
  </datafield>
  <datafield tag="245" ind1=" " ind2=" ">
    <subfield code="a">11 Years' JEE (Main &amp; Adavanced):</subfield>
    <subfield code="b">Chapterwise Topicwise Mathematices Solved Questions (2013-2023)</subfield>
    <subfield code="c">Edit By Arun kala</subfield>
  </datafield>
  <datafield tag="260" ind1=" " ind2=" ">
    <subfield code="a">New Delhi </subfield>
    <subfield code="b">Cengage Learning India Pvt. Ltd.</subfield>
    <subfield code="c">2023</subfield>
  </datafield>
  <datafield tag="270" ind1=" " ind2=" ">
    <subfield code="a"> T-303, 3rd Floor DAV Comlex, Plot 3 Mayur Vihar Phase 1</subfield>
    <subfield code="b">New Delhi </subfield>
    <subfield code="e">110091</subfield>
  </datafield>
  <datafield tag="300" ind1=" " ind2=" ">
    <subfield code="a">529p.</subfield>
    <subfield code="c">28cm(Pbk)</subfield>
  </datafield>
  <datafield tag="700" ind1=" " ind2=" ">
    <subfield code="a">Kala,Arun</subfield>
    <subfield code="e">Editor </subfield>
    <subfield code="9">59649</subfield>
  </datafield>
  <datafield tag="942" ind1=" " ind2=" ">
    <subfield code="2">ddc</subfield>
    <subfield code="c">EN</subfield>
    <subfield code="m">JEE</subfield>
    <subfield code="h">000</subfield>
  </datafield>
  <datafield tag="999" ind1=" " ind2=" ">
    <subfield code="c">199550</subfield>
    <subfield code="d">199550</subfield>
  </datafield>
  <datafield tag="952" ind1=" " ind2=" ">
    <subfield code="0">0</subfield>
    <subfield code="1">0</subfield>
    <subfield code="4">0</subfield>
    <subfield code="7">0</subfield>
    <subfield code="8">NFIC</subfield>
    <subfield code="a">L</subfield>
    <subfield code="b">L</subfield>
    <subfield code="d">2024-01-10</subfield>
    <subfield code="e">Parth Booksellers &amp; Distributors/2/29.11.23/43/23.11.23/1.12.23</subfield>
    <subfield code="g">999.00</subfield>
    <subfield code="l">3</subfield>
    <subfield code="m">3</subfield>
    <subfield code="o">JEE 000</subfield>
    <subfield code="p">B-756315</subfield>
    <subfield code="r">2025-04-19 00:00:00</subfield>
    <subfield code="s">2025-03-22</subfield>
    <subfield code="t">1</subfield>
    <subfield code="v">999.00</subfield>
    <subfield code="w">2024-01-10</subfield>
    <subfield code="y">EN</subfield>
  </datafield>
  <datafield tag="952" ind1=" " ind2=" ">
    <subfield code="0">0</subfield>
    <subfield code="1">0</subfield>
    <subfield code="4">0</subfield>
    <subfield code="7">0</subfield>
    <subfield code="8">NFIC</subfield>
    <subfield code="a">M</subfield>
    <subfield code="b">M</subfield>
    <subfield code="d">2024-01-10</subfield>
    <subfield code="e">Parth Booksellers &amp; Distributors/2/29.11.23/43/23.11.23/1.12.23</subfield>
    <subfield code="g">999.00</subfield>
    <subfield code="l">0</subfield>
    <subfield code="o">JEE 000</subfield>
    <subfield code="p">B-756316</subfield>
    <subfield code="r">2024-01-10 00:00:00</subfield>
    <subfield code="t">2</subfield>
    <subfield code="v">999.00</subfield>
    <subfield code="w">2024-01-10</subfield>
    <subfield code="y">EN</subfield>
  </datafield>
  <datafield tag="952" ind1=" " ind2=" ">
    <subfield code="0">0</subfield>
    <subfield code="1">0</subfield>
    <subfield code="4">0</subfield>
    <subfield code="7">0</subfield>
    <subfield code="8">NFIC</subfield>
    <subfield code="a">AV</subfield>
    <subfield code="b">AV</subfield>
    <subfield code="d">2024-01-10</subfield>
    <subfield code="e">Parth Booksellers &amp; Distributors/2/29.11.23/43/23.11.23/1.12.23</subfield>
    <subfield code="g">999.00</subfield>
    <subfield code="l">1</subfield>
    <subfield code="o">JEE 000</subfield>
    <subfield code="p">B-756317</subfield>
    <subfield code="r">2024-04-20 00:00:00</subfield>
    <subfield code="s">2024-03-26</subfield>
    <subfield code="t">3</subfield>
    <subfield code="v">999.00</subfield>
    <subfield code="w">2024-01-10</subfield>
    <subfield code="y">EN</subfield>
  </datafield>
  <datafield tag="952" ind1=" " ind2=" ">
    <subfield code="0">0</subfield>
    <subfield code="1">0</subfield>
    <subfield code="4">0</subfield>
    <subfield code="7">0</subfield>
    <subfield code="8">NFIC</subfield>
    <subfield code="a">KGM</subfield>
    <subfield code="b">KGM</subfield>
    <subfield code="d">2024-01-10</subfield>
    <subfield code="e">Parth Booksellers &amp; Distributors/2/29.11.23/43/23.11.23/1.12.23</subfield>
    <subfield code="g">999.00</subfield>
    <subfield code="l">14</subfield>
    <subfield code="m">17</subfield>
    <subfield code="o">JEE 000</subfield>
    <subfield code="p">B-756318</subfield>
    <subfield code="r">2025-05-30 00:00:00</subfield>
    <subfield code="s">2025-04-30</subfield>
    <subfield code="t">4</subfield>
    <subfield code="v">999.00</subfield>
    <subfield code="w">2024-01-10</subfield>
    <subfield code="y">EN</subfield>
  </datafield>
  <datafield tag="952" ind1=" " ind2=" ">
    <subfield code="0">0</subfield>
    <subfield code="1">0</subfield>
    <subfield code="4">0</subfield>
    <subfield code="7">0</subfield>
    <subfield code="8">NFIC</subfield>
    <subfield code="a">CJ</subfield>
    <subfield code="b">CJ</subfield>
    <subfield code="d">2024-01-10</subfield>
    <subfield code="e">Parth Booksellers &amp; Distributors/2/29.11.23/43/23.11.23/1.12.23</subfield>
    <subfield code="g">999.00</subfield>
    <subfield code="l">1</subfield>
    <subfield code="o">JEE 000</subfield>
    <subfield code="p">B-756319</subfield>
    <subfield code="r">2025-02-12 00:00:00</subfield>
    <subfield code="s">2025-01-28</subfield>
    <subfield code="t">5</subfield>
    <subfield code="v">999.00</subfield>
    <subfield code="w">2024-01-10</subfield>
    <subfield code="y">EN</subfield>
  </datafield>
  <datafield tag="952" ind1=" " ind2=" ">
    <subfield code="0">0</subfield>
    <subfield code="1">0</subfield>
    <subfield code="4">0</subfield>
    <subfield code="7">0</subfield>
    <subfield code="8">NFIC</subfield>
    <subfield code="a">JP</subfield>
    <subfield code="b">JP</subfield>
    <subfield code="d">2024-01-10</subfield>
    <subfield code="e">Parth Booksellers &amp; Distributors/2/29.11.23/43/23.11.23/1.12.23</subfield>
    <subfield code="g">999.00</subfield>
    <subfield code="l">1</subfield>
    <subfield code="o">JEE 000</subfield>
    <subfield code="p">B-756320</subfield>
    <subfield code="r">2026-05-21 14:51:01</subfield>
    <subfield code="s">2026-05-07</subfield>
    <subfield code="t">6</subfield>
    <subfield code="v">999.00</subfield>
    <subfield code="w">2024-01-10</subfield>
    <subfield code="y">EN</subfield>
  </datafield>
  <datafield tag="952" ind1=" " ind2=" ">
    <subfield code="0">0</subfield>
    <subfield code="1">0</subfield>
    <subfield code="4">0</subfield>
    <subfield code="7">0</subfield>
    <subfield code="8">NFIC</subfield>
    <subfield code="a">ZLS</subfield>
    <subfield code="b">ZLS</subfield>
    <subfield code="d">2024-01-10</subfield>
    <subfield code="e">Parth Booksellers &amp; Distributors/2/29.11.23/43/23.11.23/1.12.23</subfield>
    <subfield code="g">999.00</subfield>
    <subfield code="l">6</subfield>
    <subfield code="m">2</subfield>
    <subfield code="o">JEE 000</subfield>
    <subfield code="p">B-756321</subfield>
    <subfield code="r">2025-09-10 00:00:00</subfield>
    <subfield code="s">2025-08-23</subfield>
    <subfield code="t">7</subfield>
    <subfield code="v">999.00</subfield>
    <subfield code="w">2024-01-10</subfield>
    <subfield code="y">EN</subfield>
  </datafield>
  <datafield tag="952" ind1=" " ind2=" ">
    <subfield code="0">0</subfield>
    <subfield code="1">0</subfield>
    <subfield code="4">0</subfield>
    <subfield code="7">0</subfield>
    <subfield code="8">NFIC</subfield>
    <subfield code="a">VP</subfield>
    <subfield code="b">VP</subfield>
    <subfield code="d">2024-01-10</subfield>
    <subfield code="e">Parth Booksellers &amp; Distributors/2/29.11.23/43/23.11.23/1.12.23</subfield>
    <subfield code="g">999.00</subfield>
    <subfield code="l">0</subfield>
    <subfield code="o">JEE 000</subfield>
    <subfield code="p">B-756322</subfield>
    <subfield code="r">2024-01-10 00:00:00</subfield>
    <subfield code="t">8</subfield>
    <subfield code="v">999.00</subfield>
    <subfield code="w">2024-01-10</subfield>
    <subfield code="y">EN</subfield>
  </datafield>
  <datafield tag="952" ind1=" " ind2=" ">
    <subfield code="0">0</subfield>
    <subfield code="1">0</subfield>
    <subfield code="4">0</subfield>
    <subfield code="7">0</subfield>
    <subfield code="8">NFIC</subfield>
    <subfield code="a">BL4</subfield>
    <subfield code="b">BL4</subfield>
    <subfield code="d">2024-01-10</subfield>
    <subfield code="e">Parth Booksellers &amp; Distributors/2/29.11.23/43/23.11.23/1.12.23</subfield>
    <subfield code="g">999.00</subfield>
    <subfield code="l">16</subfield>
    <subfield code="m">10</subfield>
    <subfield code="o">JEE 000</subfield>
    <subfield code="p">B-756323</subfield>
    <subfield code="q">2026-07-15</subfield>
    <subfield code="r">2026-07-01 10:48:40</subfield>
    <subfield code="s">2026-07-01</subfield>
    <subfield code="t">9</subfield>
    <subfield code="v">999.00</subfield>
    <subfield code="w">2024-01-10</subfield>
    <subfield code="y">EN</subfield>
  </datafield>
  <datafield tag="952" ind1=" " ind2=" ">
    <subfield code="0">0</subfield>
    <subfield code="1">0</subfield>
    <subfield code="4">0</subfield>
    <subfield code="7">0</subfield>
    <subfield code="8">NFIC</subfield>
    <subfield code="a">YV</subfield>
    <subfield code="b">YV</subfield>
    <subfield code="d">2024-01-10</subfield>
    <subfield code="e">Parth Booksellers &amp; Distributors/2/29.11.23/43/23.11.23/1.12.23</subfield>
    <subfield code="g">999.00</subfield>
    <subfield code="l">14</subfield>
    <subfield code="m">19</subfield>
    <subfield code="o">JEE 000</subfield>
    <subfield code="p">B-756324</subfield>
    <subfield code="r">2025-07-03 00:00:00</subfield>
    <subfield code="s">2025-06-06</subfield>
    <subfield code="t">10</subfield>
    <subfield code="v">999.00</subfield>
    <subfield code="w">2024-01-10</subfield>
    <subfield code="y">EN</subfield>
  </datafield>
  <datafield tag="952" ind1=" " ind2=" ">
    <subfield code="0">0</subfield>
    <subfield code="1">0</subfield>
    <subfield code="4">0</subfield>
    <subfield code="7">0</subfield>
    <subfield code="8">NFIC</subfield>
    <subfield code="a">BN</subfield>
    <subfield code="b">BN</subfield>
    <subfield code="d">2024-03-21</subfield>
    <subfield code="e">DBAD/PUB</subfield>
    <subfield code="g">999.00</subfield>
    <subfield code="l">1</subfield>
    <subfield code="o">JEE 000</subfield>
    <subfield code="p">EN-123371</subfield>
    <subfield code="r">2024-07-23 00:00:00</subfield>
    <subfield code="s">2024-07-03</subfield>
    <subfield code="t">1</subfield>
    <subfield code="v">999.00</subfield>
    <subfield code="w">2024-03-21</subfield>
    <subfield code="y">EN</subfield>
  </datafield>
</record>
